Statystyki dla Tramwaje Warszawa- Linia 26 (przystanki)

Kliknij tutaj aby rozwiązać quiz!

Ogólne statystyki

  • Ten quiz został rozwiązany 51 razy
    (45 od ostatniego zresetowania)
  • Średni wynik to 28 z 49

Statystyki odpowiedzi

Numer przystankuNazwa przystanku% Poprawnych
1.Metro Młociny
89%
2.Metro Młociny
89%
3.Metro Młociny
89%
48.Wiatraczna
86%
49.Wiatraczna
86%
22.Ciepłownia Wola
74%
36.Stare Miasto
74%
15.Radiowa
71%
18.Bemowo-ratusz
69%
19.Czumy
69%
35.Metro Ratusz - Arsenał
69%
12.Nowe Bemowo
69%
13.Nowe Bemowo
69%
20.Hala Wola
66%
16.Dywizjonu 303
63%
27.Elekcyjna
63%
34.Kino Femina
63%
30.Metro Płocka
63%
9.Conrada
60%
24.Fort Wola
60%
17.Kazubów
60%
37.Park Praski
60%
14.Wrocławska
60%
31.Zajezdnia Wola
60%
7.Aspekt
57%
38.Dworzec Wileński
57%
10.Ogrody Działkowe Bemowo
57%
32.Okopowa
57%
11.Piastów Śląskich
57%
28.PKP Wola (Wolska)
57%
29.Sokołowska
57%
25.Sowińskiego
57%
21.Synów Pułku
57%
8.Aleja Reymonta
54%
33.Wola - Ratusz
51%
6.Cmentarz Wawrzyszewski
49%
26.Reduta Wolska
49%
41.Aleja Zieleniecka
43%
4.Popiela
43%
45.Praga Południe - Ratusz
43%
5.Bogusławskiego
40%
40.Kijowska
40%
23.Połczyńska Parking P+R
40%
42.Lubelska
37%
39.Ząbkowska
37%
47.Kickiego
31%
43.Bliska
26%
46.Międzyborska
26%
44.Gocławska
23%

Rozkład punktacji

Percentyl według liczby udzielonych odpowiedzi

Procent ludzi z każdym wynikiem

Twoja historia wyników

Nie rozwiązałeś tego quizu od ostatniego zresetowania